<?xml version="1.0" encoding="UTF-8"?>
<collection xmlns="http://www.loc.gov/MARC21/slim">
 <record>
  <leader>00487nam a22001575a 4500</leader>
  <controlfield tag="001">EUN.um033333</controlfield>
  <controlfield tag="003">AR-BaUNS</controlfield>
  <controlfield tag="005">20050623122907.0</controlfield>
  <controlfield tag="008">041125s1961####mx#a##########000#0#spa#d</controlfield>
  <datafield tag="245" ind1="1" ind2="0">
   <subfield code="a">Mecanismos :</subfield>
   <subfield code="b">análisis y diseño /</subfield>
   <subfield code="c">Percy H. Hill, Wilfred P. Rule.</subfield>
  </datafield>
  <datafield tag="260" ind1=" " ind2=" ">
   <subfield code="a">México :</subfield>
   <subfield code="b">Continental,</subfield>
   <subfield code="c">1961.</subfield>
  </datafield>
  <datafield tag="300" ind1=" " ind2=" ">
   <subfield code="a">34 h. :</subfield>
   <subfield code="b">ilus. ;</subfield>
   <subfield code="c">27 cm.</subfield>
  </datafield>
  <datafield tag="100" ind1="1" ind2=" ">
   <subfield code="a">Hill, Percy H.</subfield>
  </datafield>
  <datafield tag="700" ind1="1" ind2=" ">
   <subfield code="a">Rule, Wilfred P.</subfield>
  </datafield>
  <datafield tag="082" ind1="0" ind2="4">
   <subfield code="a">621.8</subfield>
  </datafield>
  <datafield tag="859" ind1=" " ind2=" ">
   <subfield code="a">Ar-BaUNS</subfield>
   <subfield code="b">BIB. CENTRAL - Sector C</subfield>
   <subfield code="h">621.8</subfield>
   <subfield code="i">H554</subfield>
   <subfield code="p">46446/968</subfield>
  </datafield>
 </record>
</collection>
